The truth shall set you free. (Record no. 12732)

000 -LEADER
fixed length control field 00637nam a2200193 a 4500
001 - CONTROL NUMBER
control field :::00010546$&:&@@
003 - CONTROL NUMBER IDENTIFIER
control field OkBaRHE
005 - DATE AND TIME OF LATEST TRANSACTION
control field 20000607103400.0
008 - FIXED-LENGTH DATA ELEMENTS--GENERAL INFORMATION
fixed length control field s1978 j 000 0 eng u
040 ## - CATALOGING SOURCE
Transcribing agency
100 1# - MAIN ENTRY--PERSONAL NAME
Personal name Osteen, John.
245 14 - TITLE STATEMENT
Title The truth shall set you free.
260 ## - PUBLICATION, DISTRIBUTION, ETC. (IMPRINT)
Place of publication, distribution, etc Houston, TX., :
Name of publisher, distributor, etc John Osteen Publications
Date of publication, distribution, etc c1978
300 ## - PHYSICAL DESCRIPTION
Extent 48 p. ;
Dimensions 18 cm.
650 ## - SUBJECT ADDED ENTRY--TOPICAL TERM
Topical term or geographic name as entry element Christian Life
942 ## - ADDED ENTRY ELEMENTS (KOHA)
Source of classification or shelving scheme
Koha item type Books
Copies
Lost status Damaged status Price effective from Koha item type Shelving location Permanent Location Withdrawn status Date acquired Barcode Date last seen Source of classification or shelving scheme Full call number Not for loan Copy number
  2010-04-14BooksGeneral StacksRHEMA Bible Training College 2010-04-14105462010-04-14 BV 4501 .O8 1
  2010-04-14BooksGeneral StacksRHEMA Bible Training College 2010-04-14149872010-04-14 BV 4501 .O8 2